Leyendas de Colombia / (Registro nro. 3528)

Detalles MARC
000 -LEADER
fixed length control field 00942nam a2200229Ia 4500
003 - CONTROL NUMBER IDENTIFIER
control field OSt
005 - DATE AND TIME OF LATEST TRANSACTION
control field 20200625134142.0
008 - FIXED-LENGTH DATA ELEMENTS--GENERAL INFORMATION
fixed length control field 191128t2010 ck a gr 000 j spa d
020 ## - INTERNATIONAL STANDARD BOOK NUMBER
International Standard Book Number 9789587241112
040 ## - CATALOGING SOURCE
Original cataloging agency CO-JMCR
Transcribing agency CO-JCR
082 04 - DEWEY DECIMAL CLASSIFICATION NUMBER
Classification number LM /
Item number ROMi
100 1# - MAIN ENTRY--PERSONAL NAME
Personal name Román, Celso,
Dates associated with a name 1947
Fuller form of name autor
9 (RLIN) 4902
245 10 - TITLE STATEMENT
Title Leyendas de Colombia /
Statement of responsibility, etc. Celso Román
250 ## - EDITION STATEMENT
Edition statement Primera edición
260 ## - PUBLICATION, DISTRIBUTION, ETC.
Place of publication, distribution, etc. Bogotá :
Name of publisher, distributor, etc. Libros & Libros,
Date of publication, distribution, etc. ©2010
300 ## - PHYSICAL DESCRIPTION
Extent 86 páginas :
Other physical details ilustraciones a blanco y negro ;
Dimensions 20 cm.
500 ## - GENERAL NOTE
General note Recomendado para mayores de 10 años.
505 ## - FORMATTED CONTENTS NOTE
Formatted contents note Región Amazónica -- Región Andina -- Región Caribe -- Región Pacífica -- Región Caribe Insular
520 ## - SUMMARY, ETC.
Summary, etc. Todos debemos estar preparados porque a la salida del Transmilenio, en una noche de Luna, puede aparecernos el Tunjo, que vive dentro de nosotros desde los tiempos de los muiscas.
650 14 - SUBJECT ADDED ENTRY--TOPICAL TERM
Topical term or geographic name entry element Leyendas colombianas
9 (RLIN) 6184
942 ## - ADDED ENTRY ELEMENTS (KOHA)
Source of classification or shelving scheme Dewey Decimal Classification
Koha item type Books
Existencias
Withdrawn status Lost status Source of classification or shelving scheme Damaged status Not for loan Collection code Home library Current library Date acquired Source of acquisition Cost, normal purchase price Total Checkouts Total Renewals Full call number Barcode Date last seen Date last checked out Copy number Koha item type
    Dewey Decimal Classification     Fiction Biblioteca Pública José María del Castillo y Rada Biblioteca Pública José María del Castillo y Rada 11/28/2019 Donación 0.00 10 2 LM / ROMi 201807389 09/30/2025 09/30/2025 Ej.1 Books